<?xml version='1.0' encoding='UTF-8'?>
  <record xmlns="http://www.loc.gov/MARC21/slim">
    <leader>00000cam a2200000 i 4500</leader>
    <controlfield tag="001">ocm65759783</controlfield>
    <controlfield tag="003">OCoLC</controlfield>
    <controlfield tag="005">20250516030311.6</controlfield>
    <controlfield tag="008">911209s1718    ne            000 0 dut d</controlfield>
    <datafield tag="040" ind1=" " ind2=" ">
      <subfield code="a">NLGGC</subfield>
      <subfield code="b">dut</subfield>
      <subfield code="e">fobidrtb</subfield>
      <subfield code="c">NLGGC</subfield>
      <subfield code="d">L2U</subfield>
      <subfield code="d">OCLCO</subfield>
      <subfield code="d">OCLCQ</subfield>
      <subfield code="d">OCLCL</subfield>
      <subfield code="d">OCLCQ</subfield>
      <subfield code="d">OCLCL</subfield>
    </datafield>
    <datafield tag="029" ind1="0" ind2=" ">
      <subfield code="a">NLGGC</subfield>
      <subfield code="b">08838117X</subfield>
    </datafield>
    <datafield tag="035" ind1=" " ind2=" ">
      <subfield code="a">(OCoLC)65759783</subfield>
    </datafield>
    <datafield tag="072" ind1=" " ind2="7">
      <subfield code="a">i</subfield>
      <subfield code="2">odfysin</subfield>
    </datafield>
    <datafield tag="072" ind1=" " ind2="7">
      <subfield code="a">a</subfield>
      <subfield code="2">odfysin</subfield>
    </datafield>
    <datafield tag="072" ind1=" " ind2="7">
      <subfield code="a">b</subfield>
      <subfield code="2">odfysin</subfield>
    </datafield>
    <datafield tag="072" ind1=" " ind2="7">
      <subfield code="a">w</subfield>
      <subfield code="2">odfysin</subfield>
    </datafield>
    <datafield tag="072" ind1=" " ind2="7">
      <subfield code="a">x</subfield>
      <subfield code="2">odfysin</subfield>
    </datafield>
    <datafield tag="072" ind1=" " ind2="7">
      <subfield code="a">1</subfield>
      <subfield code="2">brclbps</subfield>
    </datafield>
    <datafield tag="072" ind1=" " ind2="7">
      <subfield code="a">2</subfield>
      <subfield code="2">brclbps</subfield>
    </datafield>
    <datafield tag="082" ind1="0" ind2="4">
      <subfield code="a">808.2</subfield>
      <subfield code="q">OCoLC</subfield>
      <subfield code="2">20/eng/20230216</subfield>
      <subfield code="1">https://id.oclc.org/worldcat/ddc/E33PdX3JtThvcvw7bcbXtDJcBP</subfield>
    </datafield>
    <datafield tag="084" ind1=" " ind2=" ">
      <subfield code="a">24.11</subfield>
      <subfield code="2">bcl</subfield>
    </datafield>
    <datafield tag="100" ind1="1" ind2=" ">
      <subfield code="a">Pels, Andries,</subfield>
      <subfield code="d">1631-1681.</subfield>
      <subfield code="1">https://id.oclc.org/worldcat/entity/E39PBJwxMBKPFdFbjkWyYdr8YP</subfield>
    </datafield>
    <datafield tag="245" ind1="1" ind2="0">
      <subfield code="a">Gebruik én misbruik des tooneels, /</subfield>
      <subfield code="c">door A. Péls. ; Dienende tót het vervólg van Q. Horatius Flaccus dichtkunst.</subfield>
    </datafield>
    <datafield tag="250" ind1=" " ind2=" ">
      <subfield code="a">De dérde druk naauwkeurig verbéterd.</subfield>
    </datafield>
    <datafield tag="260" ind1=" " ind2=" ">
      <subfield code="a">Te Amsterdam, :</subfield>
      <subfield code="b">gedrukt voor het Kunstgenootschap, én te bekomen by H. van de Gaete en H. Bos,</subfield>
      <subfield code="c">1718.</subfield>
    </datafield>
    <datafield tag="300" ind1=" " ind2=" ">
      <subfield code="a">[16], 76, [4] p. :</subfield>
      <subfield code="b">front. ;</subfield>
      <subfield code="c">in-8.</subfield>
    </datafield>
    <datafield tag="336" ind1=" " ind2=" ">
      <subfield code="a">tekst</subfield>
      <subfield code="b">txt</subfield>
      <subfield code="2">rdacontent/dut</subfield>
    </datafield>
    <datafield tag="337" ind1=" " ind2=" ">
      <subfield code="a">zonder medium</subfield>
      <subfield code="b">n</subfield>
      <subfield code="2">rdamedia/dut</subfield>
    </datafield>
    <datafield tag="338" ind1=" " ind2=" ">
      <subfield code="a">band</subfield>
      <subfield code="b">nc</subfield>
      <subfield code="2">rdacarrier/dut</subfield>
    </datafield>
    <datafield tag="500" ind1=" " ind2=" ">
      <subfield code="a">* 8  A-E 8.</subfield>
    </datafield>
    <datafield tag="500" ind1=" " ind2=" ">
      <subfield code="a">Gedrukt voor het Kunstgenootschap "Nil volentibus arduum"</subfield>
    </datafield>
    <datafield tag="530" ind1=" " ind2=" ">
      <subfield code="a">Titel is gedigitaliseerd voor de Koninklijke Bibliotheek in het kader van het Google Books-project.</subfield>
    </datafield>
    <datafield tag="600" ind1="1" ind2="4">
      <subfield code="a">Horatius, Quintus,</subfield>
      <subfield code="d">65-8 v.Chr.</subfield>
      <subfield code="0">(NL-LeOCL)068304579</subfield>
    </datafield>
    <datafield tag="650" ind1=" " ind2="7">
      <subfield code="a">24.11 history of drama.</subfield>
      <subfield code="0">(NL-LeOCL)077600037</subfield>
      <subfield code="2">bcl</subfield>
    </datafield>
    <datafield tag="650" ind1=" " ind2="7">
      <subfield code="a">toneelkunst.</subfield>
      <subfield code="2">btr</subfield>
      <subfield code="0">(NL-LeOCL)07562432X</subfield>
    </datafield>
    <datafield tag="650" ind1=" " ind2="7">
      <subfield code="a">gedichten ; oorspr. - Nederlands.</subfield>
      <subfield code="2">btr</subfield>
      <subfield code="0">(NL-LeOCL)07562947X</subfield>
    </datafield>
    <datafield tag="650" ind1="1" ind2="7">
      <subfield code="a">Toneel.</subfield>
      <subfield code="2">gtt</subfield>
      <subfield code="0">(NL-LeOCL)078691362</subfield>
    </datafield>
    <datafield tag="650" ind1="1" ind2="7">
      <subfield code="a">Nederlands.</subfield>
      <subfield code="2">gtt</subfield>
      <subfield code="0">(NL-LeOCL)078601118</subfield>
    </datafield>
    <datafield tag="600" ind1="1" ind2="7">
      <subfield code="a">Horatius Flaccus, Q.,</subfield>
      <subfield code="d">65-8 v. Chr.</subfield>
      <subfield code="0">(NL-LeOCL)068304579</subfield>
      <subfield code="2">nta</subfield>
    </datafield>
    <datafield tag="710" ind1="0" ind2=" ">
      <subfield code="a">Bosch, Hendrik (Amsterdam)</subfield>
      <subfield code="4">prt</subfield>
      <subfield code="0">(NL-LeOCL)077131479</subfield>
    </datafield>
    <datafield tag="710" ind1="0" ind2=" ">
      <subfield code="a">Gaete, Hendrik van de (Amsterdam)</subfield>
      <subfield code="4">prt</subfield>
      <subfield code="0">(NL-LeOCL)077169379</subfield>
    </datafield>
    <datafield tag="776" ind1="0" ind2=" ">
      <subfield code="t">Gebruik én misbruik des tooneels,</subfield>
      <subfield code="w">(NL-LeOCL)382900146</subfield>
    </datafield>
    <datafield tag="936" ind1=" " ind2=" ">
      <subfield code="a">BATCHLOAD</subfield>
    </datafield>
  </record>